| 000 | 00547nam a2200193 a 4500 | ||
|---|---|---|---|
| 005 | 20210223131131.0 | ||
| 008 | 091016s2006 mx r 000 0 spa d | ||
| 020 | _a8478715614 | ||
| 035 | _aUPN01000173243 | ||
| 049 | _aCG | ||
| 050 | 4 |
_aPN6071 A5.6 _bM4.7 |
|
| 100 | 1 | _aMesón, Nieves | |
| 245 | 1 | 0 |
_aSara y la anorexia : _bel triunfo del alma sobre la mente / _cNieves Mesón. |
| 260 |
_aBarcelona, Esp. : _bRBA, _c2006. |
||
| 300 | _a159 p. | ||
| 440 | 0 | _aIntegral | |
| 650 | 4 |
_aANOREXIA NERVIOSA EN LA LITERATURA _914127 |
|
| 905 | _aLibro | ||
| 999 |
_c145347 _d145347 |
||